| Registos Bibliográficos associados ao registo de autoridade |
|
Etiqueta de registo: 00000nam 2200025 450 001 2280117 003 http://id.bnportugal.gov.pt/bib/catbnp/2280117 010 ## $a979-12-81379-16-9 100 ## $a20260313d2024 m y0pory01030103ba 101 1# $aita$cpor 102 ## $aIT 105 ## $aa z 000yy 106 ## $ar 200 1# $aCielo nuvoloso con ampie schiarite$fNuno Costa Santos$gfot. Jorge Vaz Gomez$gtrad. Roberto Francavilla, Eleonora Cecchini 210 #9 $aRoma$cQueen Kistianka,$dcop. 2024 215 ## $a245, [2] p.$cil.$d20 cm 304 ## $aTit. orig.: Céu nublado com boas abertas 700 #1 $aSantos,$bNuno Costa,$f1974-$31258516 702 #1 $aGomez,$bJorge Vaz$4600$32002415 702 #1 $aFrancavilla,$bRoberto$4730$31109957 702 #1 $aCecchini,$bEleonora$4730$32002417 801 #0 $aPT$bBN$gRPC 966 ## $lBN$mFGMON$pDGLAB$x3 971 ## $corlando$d20260702 972 ## $e0$z0$d20260703$vasantos
|
|
|